000 00457nam a2200157Ia 4500
008 231217s9999 xx 000 0 und d
020 _a1402053764
041 _aEnglish
082 _a574.1925 POL;1 R
100 _aPolaina,Julio ed. MacCabe, Andrew P ed
245 0 _aIndustrial enzymes : structure, function and applications
260 _c2007
_bSpringer
_aNetherland
300 _axii+641
650 _aenzymes,:,structure,,function
942 _cAA
999 _c179215
_d179215